Normal view
MARC view
- Mustapa Kassim
Entry Personal Name
001 - CONTROL NUMBER
- control field: 3091
003 - CONTROL NUMBER IDENTIFIER
- control field: OSt
005 - DATE AND TIME OF LATEST TRANSACTION
- control field: 20170511090243.0
008 - FIXED-LENGTH DATA ELEMENTS
- fixed length control field: 170511|| aca||aabn | a|a d
040 ## - CATALOGING SOURCE
- Original cataloging agency: OSt
- Transcribing agency: OSt
100 ## - HEADING--PERSONAL NAME
- Personal name: Mustapa Kassim
670 ## - SOURCE DATA FOUND
- Source citation: Work cat.: (OSt): Mahathir Mohamad, Tun, 1925- 41, Amanat presiden :, 2009

PORTAL AKMAL
E-MEL JKDM
AKMAL2U
G-BAM
u-PUSTAKA